| 000 | 01104cam a22003257a 4500 | ||
|---|---|---|---|
| 003 | CHAP | ||
| 005 | 20220329133921.0 | ||
| 008 | 971013s1979 r 00010 d | ||
| 010 | _a12656 | ||
| 011 | _a13628 | ||
| 035 | _a17700 | ||
| 040 | _cCHAP | ||
| 090 | _aTesis | ||
| 100 | 0 | 0 |
_aCartín González, Luis Fernando. _919657 |
| 245 | 0 | _aInvestigación de algunos aspectos de pierna negra de la papa en México | |
| 260 |
_aChapingo, Méx. : _bEl autor, _c1979 |
||
| 300 |
_a56 h. _b: gráfs. ; mapa |
||
| 502 | _aTesis (Maestro en Ciencias Esp. en Fitopatología) -- SARH. Colegio de Postgraduados | ||
| 590 |
_aALEPH _b10 _c20130110 _lUCH01 _h1231 |
||
| 590 |
_aBATCH-UPD _b10 _c20130110 _lUCH01 _h0156 |
||
| 590 |
_aBATCH-UPD _b10 _c20130110 _lUCH01 _h2124 |
||
| 590 |
_aBATCH-UPD _b10 _c20130409 _lUCH01 _h2158 |
||
| 590 |
_aBATCH-UPD _b10 _c20130914 _lUCH01 _h0854 |
||
| 590 |
_aCONVERSION _b10 _c20130109 _lUCH01 _h1308 |
||
| 650 | 1 | 4 |
_aErwinia carotovora. _937359 |
| 650 | 1 | 4 |
_aPapa _xEnfermedades por bacterias. _985228 |
| 901 | _aBK | ||
| 942 | _cTESIS | ||
| 949 |
_bBC _cTES _d-41575 _eTS1 _i17700 _si |
||
| 999 |
_c12656 _d12656 |
||